000 00554nam a22001697a 4500
003 UA-OsUOA
001 14786
007 ta
008 20031019b un ||||| |||| 00| 0 ukr d
100 _aСамолюк І.
942 _cSA
040 _aUA-OsUOA
_cUA-OsUOA
_dUA-OsUOA
245 _aСвято для " дітей вулиці ": [Рівнен.] притулку для неповнолітніх - 5-років
955 _a0
773 0 _w0
_tСім днів
_dРівне
_d2003
_g№38/19 верес./
650 7 _aКраєзнавча робота
_2UDC
999 _c300950
_d300950